El fantasma de Canterville /
Saved in:
| Main Author: | |
|---|---|
| Format: | Electronic eBook |
| Language: | Spanish |
| Published: |
Ituzaingó, Provincia de Buenos Aires :
Editorial Maipue,
[2018]
|
| Series: | Paila clásicos (Maipue)
|
| Subjects: | |
| Online Access: | Digitalia Hispánica |
| Tags: |
Add Tag
No Tags, Be the first to tag this record!
|
MARC
| LEADER | 00000nam a2200000Ii 4500 | ||
|---|---|---|---|
| 001 | DIGMAIPUE0076 | ||
| 003 | NyNyDIG | ||
| 008 | 220224s2018 ag a o 00 j spa d | ||
| 006 | m o d | ||
| 007 | cr ||||||||||| | ||
| 035 | |a (OCoLC)1319852388 | ||
| 040 | |a DGITA |b eng |e rda |e pn |c DGITA | ||
| 020 | |a 9789874490261 |q eBook |q ePub | ||
| 020 | |z 9789874413536 | ||
| 050 | 1 | 4 | |a PR1309.S5 ebook |
| 082 | 0 | 4 | |a 823 |
| 100 | 1 | |a Wilde, Oscar, |d 1854-1900, |e author. | |
| 245 | 1 | 3 | |a El fantasma de Canterville / |c Oscar Wilde. |
| 264 | 1 | |a Ituzaingó, Provincia de Buenos Aires : |b Editorial Maipue, |c [2018] | |
| 300 | |a 1 online resource : |b illustrations. | ||
| 336 | |a text |b txt |2 rdacontent | ||
| 337 | |a computer |b c |2 rdamedia | ||
| 338 | |a online resource |b cr |2 rdacarrier | ||
| 347 | |a text file |2 rdaft | ||
| 347 | |a EPUB | ||
| 588 | 0 | |a Online resource; title from ePub title page (Digitalia, viewed February 24, 2022) | |
| 655 | 7 | |a Short stories. |2 lcgft | |
| 655 | 0 | |a Electronic books. | |
| 791 | 2 | |a Digitalia (Firm), |e distributor. | |
| 793 | 0 | |g Digitalia eBook Collection: |a Maipue Editorial | |
| 776 | 0 | 8 | |i Print version: |a Wilde, Oscar, 1854-1900. |t Fantasma de Canterville. |d Ituzaingó, Provincia de Buenos Aires : Editorial Maipue, [2018] |z 9789874413536 |
| 830 | 0 | |a Paila clásicos (Maipue) | |
| 856 | 4 | 0 | |3 Digitalia Hispánica |u https://digitalia.unach.elogim.com/a/80753/ |
| 910 | |a Premium collection: 2022 | ||